000 01143nam a22002537a 4500
005 20081107125036.0
008 081107t xxu||||| |||| 00| 0 hin d
010 _aHIN-84791
020 _c225.00
_a9788188121892
035 _aHN-57137
037 _bDBAD / PUB
040 _aDPL
_bHN
082 _a954.072
100 _aजगदीश चंद्रिकेश
245 _aझूठ नहीं बोलता इतिहास /
_cजगदीश चंद्रिकेश
246 _aJhooth nahin bolta Itihaas
_bby Jagdish Chandrikesh
260 _aदिल्ली
_bपरमेश्वरी प्रकाशन
_c2008
270 _aबी-109,प्रीत विहार
_bदिल्ली
_e110092
300 _a180 पृ
_c22सेमी (सजिल्द)
_bफोटो
650 _aविश्व इतिहास
650 _aWorld history
942 _2ddc
_cHN
_mजगदी
_h954.072
999 _c18269
_d18269